000 02929nam0a2200397 4500
001 RU\NLR\BIBL_A\012899426
005 20221219134144.0
010 _a978-5-9704-7185-2
_91000
021 _aRU
_bКН-П-22-052467
_9КН-П-22-4559
035 _a(NLR Aleph) 012899426
090 _a12575903
_c12575903
100 _a20220929d2022 u y0rusy50 ca
101 0 _arus
102 _aRU
105 _aa|||j|||001zy
181 0 _ai
_baxxe
182 0 _an
200 1 _aОсновы реабилитации
_eучебник для использования в учебном процессе образовательных учреждений, реализующих программы среднего профессионального образования по специальности 31.02.01 "Лечебное дело" по ПМ.05 "Медико-социальная деятельность", МДК.05.01 "Медико-социальная реабилитация"
_f[Епифанов Виталий Александрович - д-р мед. наук, профессор, заслуженный деятель науки РФ, Епифанов Александр Витальевич - д-р мед. наук, проф., Петрова Мария Сергеевна - канд. мед. наук, доц. и др.]
_gпод редакцией профессоров В.А. Епифанова, А.В. Епифанова
_gМинистерство науки и высшего образования РФ
203 _aТекст
_bвизуальный
_cнепосредственный
205 _a2-е изд., перераб. и доп.
210 _aМосква
_cГЭОТАР-Медиа
_d2022
215 _a638, [2] c.
_cил., табл.
_d22
225 1 _aУчебник для медицинских училищ и колледжей
300 _aАвт. указаны на 5-й с.
320 _aБиблиогр.: с. 633-635
320 _aПредм. указ.: с. 636-639
606 1 _aРеабилитация (мед.)
_jУчебники для среднего профессионального образования
_2nlr_sh1
_2nlr_sh2
_3RU\NLR\AUTH\6620679
686 1 _aР35я72-1
701 1 _aЕпифанов
_bВ. А.
_cд-р мед. наук, реабилитолог
_f1934-2024
_gВиталий Александрович
_3RU\NLR\AUTH\770148242
701 1 _aЕпифанов
_bА. В.
_f1959-
_gАлександр Витальевич
701 1 _aПетрова
_bМ. С.
_cканд. мед. наук, реабилитолог
_gМария Сергеевна
_3RU\NLR\AUTH\770234918
712 0 1 _aРоссийская Федерация
_bМинистерство науки и высшего образования
_3RU\NLR\AUTH\880480400
_4570
942 _cBOOK
980 _aNB